දුම්රියේදී නැති වු බලුකුක්කා/

Saved in:
Bibliographic Details
Main Author: නෝසොව්, නිකොලායි
Other Authors: ගුණසේකර, නිහාල් (පරිවර්තනය)
Format: Book
Language:English
Sinhalese
Published: කොළඹ 11 : සුසර,
Subjects:
Tags: Add Tag
No Tags, Be the first to tag this record!

MARC

LEADER 00000nam a22000007a 4500
003 LK-RuCL
005 20260416115225.0
008 260416b |||||||| |||| 00| 0 eng d
020 |a 9786246697006 
040 |a LK-RuCL  |b sin  |d LK-RuCL 
041 |a sin 
082 |2 23  |a 823  |b නොසොව් 
100 |a නෝසොව්, නිකොලායි  
130 |a RAT - A - Tat - Tat/ 
245 |a දුම්රියේදී නැති වු බලුකුක්කා/  |c පරිවර්තනය නිහාල් ගුණසේකර 
260 |a කොළඹ 11 :  |b සුසර,  |g 2025 
300 |a පි. 224 :  |b සචිත්‍ර ;  |c සෙ.මි.21 
650 0 |a ඉංග්‍රීසි ප්‍රබන්ධ | සිංහල පරිවර්තන 
700 |a ගුණසේකර, නිහාල්  |e පරිවර්තනය 
942 |c LBK 
999 |c 14273  |d 14273